000 00672nam a2200241 a 4500
001 nice12345678
003 IN_TiNIC
005 20260116013607.0
008 050524s1980 bera grp 000 0 eng
020 _a0520693
_c465.5
082 0 0 _a320.9598
_bJAC
100 _aKackson, Karl D
245 _aTraditional Authority, Islam and Rebellion
_b a Study of Indonesian Political
260 _aBerkeley
_bUniversity of California Press
_c1980
300 _a375p
500 _aincludes index and biblioraphy
505 2 _aIndex
650 _aIndonesia-Politics & Governmnt
700 1 _aKackson, Karl D
902 _bSRS
942 _cBK
999 _c11592
_d11592